LEADER 01306nam--2200397---450- 001 990000415700203316 005 20100119112257.0 035 $a0041570 035 $aUSA010041570 035 $a(ALEPH)000041570USA01 035 $a0041570 100 $a20010424d--------km-y0itay0103----ba 101 $aita 102 $aIT 105 $a||||||||001yy 200 1 $aAntonio Allievi$edalle "scienze civili"alla pratica del credito$fa cura di Enrico Decleva 210 $aMilano$cCariplo 210 $aRoma$cLaterza$d1997 215 $a654 p.$c1 ritr.$d24 cm 225 2 $aEconomia e societą in Lombardia dall'eta delle riforme alla grande crisi$v9 410 $12001$aEconomia e societą in Lombardia dall'eta delle riforme alla grande crisi$v9 461 1$1001-------$12001 606 0 $aAllievi, Antonio 676 $a332.1092 702 1$aDECLEVA,$bEnrico 801 0$aIT$bsalbc$gISBD 912 $a990000415700203316 951 $aXXIV.5. Coll. 8/ 3 (COLL. POS 9)$b18133 G$cXXIV.5. Coll. 8/ 3 (COLL. POS)$d00264536 959 $aBK 969 $aGIU 979 $aPATTY$b90$c20010424$lUSA01$h1602 979 $c20020403$lUSA01$h1649 979 $aPATRY$b90$c20040406$lUSA01$h1629 979 $aRSIAV2$b90$c20100119$lUSA01$h1122 996 $aAntonio Allievi$9500320 997 $aUNISA LEADER 02553nas 2200745-a 450 001 9910446355003321 005 20240413015827.0 011 $a1873-4502 035 $a(CKB)954925552379 035 $a(CONSER)sn-85003250- 035 $a(DE-599)ZDB2019330-0 035 $a(EXLCZ)99954925552379 100 $a19851205a19869999 --- a 101 0 $aeng 181 $ctxt$2rdacontent 182 $cc$2rdamedia 183 $acr$2rdacarrier 200 00$aJournal of cataract and refractive surgery 210 $a[Fairfax, Va.] $cAmerican Society of Cataract and Refractive Surgery$d©1986- 210 3 $aNew York, NY $cElsevier Science 215 $a1 online resource 300 $aTitle from cover. 300 $aRefereed/Peer-reviewed 311 $aPrint version: Journal of cataract and refractive surgery. (DLC)sn 85003250 (OCoLC)12874253 0886-3350 517 1 $aJournal of cataract & refractive surgery 531 $aJ CATARACT REFRACT SURG 531 $aJ CATARACT REFR SURG 531 $aJ CAT REF S 531 $aJOURNAL OF CATARACT REFRACTIVE SURGERY 531 $aJ. CATARACT. REFRACT. SURG 531 0 $aJ. cataract refract. surg. 606 $aCataract$xSurgery$vPeriodicals 606 $aEye$xRefractive errors$xTreatment$vPeriodicals 606 $aEye$xSurgery$vPeriodicals 606 $aCataract Extraction 606 $aLenses, Intraocular 606 $aRefractive Surgical Procedures 606 $aCataract$xSurgery$2fast$3(OCoLC)fst00848903 606 $aEye$xRefractive errors$xTreatment$2fast$3(OCoLC)fst00919202 606 $aEye$xSurgery$2fast$3(OCoLC)fst00919205 606 $aStaar$2gtt 606 $aOoglens$2gtt 606 $aChirurgie (geneeskunde)$2gtt 608 $aPeriodical. 608 $aPeriodicals.$2fast 615 0$aCataract$xSurgery 615 0$aEye$xRefractive errors$xTreatment 615 0$aEye$xSurgery 615 2$aCataract Extraction. 615 2$aLenses, Intraocular. 615 2$aRefractive Surgical Procedures. 615 7$aCataract$xSurgery. 615 7$aEye$xRefractive errors$xTreatment. 615 7$aEye$xSurgery. 615 17$aStaar. 615 17$aOoglens. 615 17$aChirurgie (geneeskunde) 676 $a616 712 02$aAmerican Society of Cataract and Refractive Surgery. 712 02$aEuropean Society of Cataract and Refractive Surgeons. 906 $aJOURNAL 912 $a9910446355003321 920 $aexl_impl conversion 996 $aJournal of cataract and refractive surgery$91761505 997 $aUNINA